Normal view
MARC view
- Varkkey, Biju
Entry Corporate Name
001 - CONTROL NUMBER
- control field: 112207
003 - CONTROL NUMBER IDENTIFIER
- control field: NUST
005 - DATE AND TIME OF LATEST TRANSACTION
- control field: 20230509085203.0
008 - FIXED-LENGTH DATA ELEMENTS
- fixed length control field: 230509|| aca||aabn | a|a d
040 ## - CATALOGING SOURCE
- Original cataloging agency: NUST
- Transcribing agency: NUST
110 ## - HEADING--CORPORATE NAME
- Corporate name or jurisdiction name as entry element: Varkkey, Biju
670 ## - SOURCE DATA FOUND
- Source citation: Work cat.: (NUST): Dessler, Gary , Human Resource Management, 2009.
